Deutsch und Tschechisch im Vergleich - korpusbasierte linguistische Studien /

Korporativní autor: Masarykova univerzita. Pedagogická fakulta
Další autoři: Káňa, Tomáš, 1966-, Peloušková, Hana, 1960-
Jazyk: Němčina
Čeština
Vydáno: Brno : Masarykova univerzita, 2009
Vydání: 1. vyd.
Témata:
Externí odkaz: Digitalizovaný dokument
Fyzický popis: 120 s. : il. ; 21 cm
Language note: Část. český text, anglická resumé
Knihy
Uloženo v:
LEADER 02196nam a2200565 a 4500
001 nkc20102104185
003 CZ PrNK
005 20100622081417.0
007 ta
008 100429s2009 xr a f 000 0 ger
015 |a cnb002104185 
020 |a 978-80-210-5068-6  |q (brož.) 
035 |a (OCoLC)641523456 
040 |a BOA001  |b cze  |d ABA001 
041 0 |a ger  |a cze  |b eng 
072 7 |a 81  |x Lingvistika. Jazyky  |2 Konspekt  |9 11 
080 |a 811.162.3  |2 MRF 
080 |a 811.112.2  |2 MRF 
080 |a 81-114  |2 MRF 
080 |a 81'322.2  |2 MRF 
080 |a (048.8:082)  |2 MRF 
245 0 0 |a Deutsch und Tschechisch im Vergleich - korpusbasierte linguistische Studien /  |c Tomáš Káňa, Hana Peloušková (eds.) 
246 3 0 |a Korpusbasierte linguistische Studien 
250 |a 1. vyd. 
260 |a Brno :  |b Masarykova univerzita,  |c 2009 
300 |a 120 s. :  |b il. ;  |c 21 cm 
500 |a Nad názvem: Masarykova univerzita, Pedagogická fakulta 
500 |a 200 výt. 
504 |a Obsahuje bibliografie 
546 |a Část. český text, anglická resumé 
650 0 7 |a čeština  |7 ph135292  |2 czenas 
650 0 7 |a němčina  |7 ph115512  |2 czenas 
650 0 7 |a kontrastivní lingvistika  |7 ph121821  |2 czenas 
650 0 7 |a korpusová lingvistika  |7 ph381202  |2 czenas 
650 0 9 |a Czech language  |2 eczenas 
650 0 9 |a German language  |2 eczenas 
650 0 9 |a contrastive linguistics  |2 eczenas 
650 0 9 |a corpus linguistics  |2 eczenas 
655 7 |a kolektivní monografie  |7 fd501537  |2 czenas 
655 9 |a collective monographs  |2 eczenas 
700 1 |a Káňa, Tomáš,  |d 1966-  |7 mzk2005286783  |4 edt 
700 1 |a Peloušková, Hana,  |d 1960-  |7 mzk2003188346  |4 edt 
710 2 |a Masarykova univerzita.  |b Pedagogická fakulta  |7 kn20010709279 
856 4 1 |u http://www.digitalniknihovna.cz/mzk/uuid/uuid:f8d91420-3602-11e7-ad2f-005056827e51  |y Digitalizovaný dokument  |x NDK 
910 2 |a BOA001  |b 2-1243.073 
990 |a BK 
995 |a 01 
991 |b 201005  |c NOV  |j 81 DEU 
996 6 |b 2610434162  |c 2-1243.073  |l MZK  |r Sklad / do 1 hodiny  |n 3  |p p.v.  |w 001121173  |u 000010  |a 1  |e BOA001  |j MZK50  |s P 
996 7 |b 2610434163  |c 2-1243.073  |l MZK  |r Sklad / do 1 hodiny  |n 8  |p p.v.  |w 001121173  |u 000020  |a 1  |e BOA001  |j MZK50  |s A